| 000 | 00350nam a2200133Ia 4500 | ||
|---|---|---|---|
| 005 | 20260328104340.0 | ||
| 008 | 260328s9999||||xx |||||||||||||| ||und|| | ||
| 100 | _aOles, Paul Stevenson | ||
| 245 | 0 |
_aArchitectural Illustration / _cPaul Stevenson Oles |
|
| 260 | _bVan Nostrand Reinhold | ||
| 300 | _a247 p. | ||
| 650 | _aARQUITECTURA | ||
| 942 | _cBK | ||
| 999 |
_c12059 _d12059 |
||